01064 2200265 4500001002100000005001500021035002000036007000300056008004100059020002200100082001000122084001900132100002700151245013400178250003300312300002500345650002500370700003400395520023600429264004300665336002100708337003000729338002300759990001600782INLIS00000000116308320230208112608 a0010-0123000252ta230208 g 0 ind  a978-602-208-220-0 a155.5 aSR 155.5 KHO d0 aKhoirul Trianepenulis1 aDari aku yang hampir menyerah :bkarena menjadi kuat tak selamanya terlihat hebat /cKhoirul Trian; Penyunting, Atina Mubarokatin aCetakan ketiga, Agustus 2022 a164 halaman ;c19 cm 4aPsikologi (Motivasi)0 aAtina Mubarokatinepenyunting aSemakin dewasa, semakin banyak yang harus dikejar, tapi banyak juga yang harus direlakan. Sesekali gapapa ngeluh pada semesta, nangis sebentar juga boleh. Air matamu berhak untuk teriak, karena tuannya sudah terlalu lelah berjuang. aYogyakarta :bGradien Mediatama,c2022 2rdacontentaTeks 2rdamediaaTanpa perantara 2rdacarrieraVolume a51780.64600